000 00547cam a2200193 4500500
005 20260405003625.0
041 _afre
042 _adc
100 1 0 _aGoron, Gaëtan
_eauthor
245 0 0 _aPhilocroisés #86
260 _c2022.
500 _a54
690 _aGaëtan Goron
690 _aJeu
690 _aMot
690 _aMots croisés
786 0 _nPhilosophie magazine | 165 | 12 | 2022-12-01 | p. 79-79 | 1951-1787
856 4 1 _uhttps://shs.cairn.info/magazine-philosophie-magazine-2022-12-page-79?lang=fr&redirect-ssocas=7080
999 _c2069369
_d2069369